000 00226nam a2200097Ia 4500
001 655174
005 20250826154532.0
008 250824s9999 xx 000 0 und d
245 0 _aDokuz Kehanet
_cJames Redfield
260 _bALTIN
999 _c655174
_d655174